Score 0/19 Timer 01:30
7 Plays Today
Hint Answer % Correct
What is a name given to a six-sided shape?Hexagon
80.4%
Who owns Facebook?Mark Zuckerberg
66.3%
Michael O'Leary is the CEO of which airline?Ryanair
66.1%
What is McDonald's slogan? I'm lovin' it
64.2%
What country is Nairobi the capital of?Kenya
53.3%
In what park was a topless Leo Varadkar seen this weekend?Phoenix Park
42.6%
What rugby club does Cian Healy play for?Leinster
42.1%
What colour is Spongebob SquarePants?Yellow
36.4%
What was the name of Ricky Gervais' character in The Office?David Brent
33.9%
Joe Rogan's podcast will be exclusively streamed on what app from later this year?Spotify
32.9%
Hint Answer % Correct
In what year was Ireland's last presidential election?2018
31.8%
What does AIB stand for?Allied Irish Banks
28.7%
Who starred as PT Barnum in The Greatest Showman?Hugh Jackman
19.6%
Which Irish singer had success with love song 'Nothing Compares 2 U'Sinead O'Connor
17.8%
Who played Cersei in Game of Thrones?Lena Headey
15.1%
What American state is Area 51 in?Nevada
14.2%
What month in 2019 did Jeffrey Epstein die?August
10.2%
What age is Shay Given?44
8.4%
What county is GAA footballer Matty Forde from?Wexford
7.8%
Remove Ads.
Support Sporcle.
Get the best of Sporcle when you Go Orange. This ad-free experience offers more features, more stats, and more fun while also helping to support Sporcle. Thank you for becoming a member.

You're not logged in!

Compare scores with friends on all Sporcle quizzes.
OR
Log In

Sporcle TV

Today on Sporcle TV


Watch our educational content, quiz creation guides, and fun videos on Sporcle TV.

Show Comments

Extras

Created May 27, 2020ReportNominate
Tags:full, joe, mark

Top Quizzes Today


Score Distribution

Paid Content

Your Account Isn't Verified!

In order to create a playlist on Sporcle, you need to verify the email address you used during registration. Go to your Sporcle Settings to finish the process.

Report this User

Report this user for behavior that violates our Community Guidelines.

Details: